Pohjois-Karjalan naapurikunnat - Statistics

Yleistilastot
  • Tätä visaa on pelattu 14 kertaa
  • Keskiarvotulos 7 / 10
Vastaustilastot
Kunta % Oikein
Kaavi
80%
Kuhmo
80%
Kuopio
80%
Parikkala
80%
Savonlinna
80%
Sotkamo
80%
Varkaus
80%
Leppävirta
60%
Rautavaara
60%
Tuusniemi
40%
Ehtoja vastaavia visoja ei löytynyt
Tulosjakauma
Jokaisen tuloksen saaneiden osuus
Persentiili vastausten määrän mukaan
Tuloshistoriasi
Et ole pelannut tätä visaa